Increasing your influence at work: all in one for dummies. (Record no. 197224)

MARC details
000 -LEADER
fixed length control field 01077nam a2200349Ia 4500
003 - CONTROL NUMBER IDENTIFIER
control field OSt
005 - DATE AND TIME OF LATEST TRANSACTION
control field 20260123165550.0
008 - FIXED-LENGTH DATA ELEMENTS--GENERAL INFORMATION
fixed length control field 210716s2018 xx 000 0 und d
020 ## - INTERNATIONAL STANDARD BOOK NUMBER
International Standard Book Number 9788126577064
040 ## - CATALOGING SOURCE
Transcribing agency AIMIT LIBRARY
041 ## - LANGUAGE CODE
Language code of text/sound track or separate title eng
082 ## - DEWEY DECIMAL CLASSIFICATION NUMBER
Classification number 658.312404
Item number ALIS
100 ## - MAIN ENTRY--PERSONAL NAME
Personal name Alidina, Shamash
9 (RLIN) 252488
245 ## - TITLE STATEMENT
Title Increasing your influence at work: all in one for dummies.
Statement of responsibility, etc. By Shamash Alidina...[et.al].
250 ## - EDITION STATEMENT
Edition statement 1st ed.
260 ## - PUBLICATION, DISTRIBUTION, ETC.
Place of publication, distribution, etc. New Delhi :
Name of publisher, distributor, etc. Wiley India Pvt Ltd ,
Date of publication, distribution, etc. 2018.
300 ## - PHYSICAL DESCRIPTION
Extent xvii,570p.
Other physical details PB
Dimensions 23 cm.
650 ## - SUBJECT ADDED ENTRY--TOPICAL TERM
Topical term or geographic name entry element HRM
9 (RLIN) 252489
650 ## - SUBJECT ADDED ENTRY--TOPICAL TERM
Topical term or geographic name entry element Body Talk
9 (RLIN) 252490
700 ## - ADDED ENTRY--PERSONAL NAME
Personal name Adams, Juliet.
9 (RLIN) 252491
700 ## - ADDED ENTRY--PERSONAL NAME
Personal name Gamb, Maria.
9 (RLIN) 252492
700 ## - ADDED ENTRY--PERSONAL NAME
Personal name Kelleher, Bob.
9 (RLIN) 252493
700 ## - ADDED ENTRY--PERSONAL NAME
Personal name Kuhnke, Elizabeth.
9 (RLIN) 252494
700 ## - ADDED ENTRY--PERSONAL NAME
Personal name Scott, Vivian.
9 (RLIN) 252495
700 ## - ADDED ENTRY--PERSONAL NAME
Personal name Schlachter, Christina Tangora.
9 (RLIN) 252496
700 ## - ADDED ENTRY--PERSONAL NAME
Personal name Taylor, Marie.
9 (RLIN) 252497
700 ## - ADDED ENTRY--PERSONAL NAME
Personal name Crabb, Steve.
9 (RLIN) 252498
700 ## - ADDED ENTRY--PERSONAL NAME
Personal name Ubi, Hannah L.
9 (RLIN) 252499
700 ## - ADDED ENTRY--PERSONAL NAME
Personal name Walden, Lisa X.
9 (RLIN) 252500
700 ## - ADDED ENTRY--PERSONAL NAME
Personal name Arbit, Debra.
9 (RLIN) 252501
942 ## - ADDED ENTRY ELEMENTS (KOHA)
Source of classification or shelving scheme Dewey Decimal Classification
Koha item type Book
Edition 1st ed.
Holdings
Withdrawn status Lost status Damaged status Not for loan Collection code Home library Current library Source of acquisition Cost, normal purchase price Total Checkouts Full call number Barcode Date last seen Cost, replacement price Price effective from Koha item type
        MCA St Aloysius Institute of Management & Information Technology St Aloysius Institute of Management & Information Technology Knowledge World 699.00   658.312404 ALIS MCA16739 07/21/2025 524.25 07/16/2021 Book